000 00723cab a2200253 4500
001 ABS46624
008 090401t1992 xxu||||| |||| 00| 0 eng d
035 _a(Sirsi) u58902
041 _aeng
100 _aThomas, W.
245 _aHow the east was won
260 _c1992
350 _a0
490 _aEuroProperty
_vJune 1992, 29-34(6)
520 _aInvestigates the changing role of Berlin in the unified Germany and the effects of this on property. Includes a list of Dusseldorf`s top ten investors.
650 _aPROPERTY-COMMERCIAL PROPERTY
650 _aDUSSELDORF
650 _aINDUSTRIAL
650 _aOFFICES
650 _aRENTS
690 _aOVERSEAS-EUROPE
942 _n0
948 _c04/03/1997
999 _c36030
_d36030